<?xml version="1.0" encoding="UTF-8"?>
<record
    xmlns:xsi="http://www.w3.org/2001/XMLSchema-instance"
    xsi:schemaLocation="http://www.loc.gov/MARC21/slim http://www.loc.gov/standards/marcxml/schema/MARC21slim.xsd"
    xmlns="http://www.loc.gov/MARC21/slim">

  <leader>00556nam a2200205 i 4500</leader>
  <controlfield tag="001">bg</controlfield>
  <datafield tag="100" ind1="1" ind2=" ">
    <subfield code="a">DRWI&#x141;&#x141;O, Andrzej</subfield>
  </datafield>
  <datafield tag="245" ind1=" " ind2="0">
    <subfield code="a">Zarys prawa dewizowego i celnego /</subfield>
    <subfield code="c">A. Drwi&#x142;&#x142;o.</subfield>
  </datafield>
  <datafield tag="260" ind1=" " ind2=" ">
    <subfield code="a">Gdynia,</subfield>
    <subfield code="c">1991.</subfield>
  </datafield>
  <datafield tag="650" ind1=" " ind2="9">
    <subfield code="a">C&#x142;o</subfield>
    <subfield code="x">prawo</subfield>
    <subfield code="z">Polska</subfield>
  </datafield>
  <datafield tag="650" ind1=" " ind2="9">
    <subfield code="a">Handel mi&#x119;dzynarodowy</subfield>
    <subfield code="x">prawo</subfield>
    <subfield code="z">Polska</subfield>
  </datafield>
  <datafield tag="650" ind1=" " ind2="9">
    <subfield code="a">Dewizy</subfield>
    <subfield code="x">prawo</subfield>
    <subfield code="z">Polska</subfield>
  </datafield>
  <datafield tag="655" ind1=" " ind2=" ">
    <subfield code="a">Podr&#x119;czniki</subfield>
  </datafield>
  <datafield tag="655" ind1=" " ind2=" ">
    <subfield code="a">Podr&#x119;czniki</subfield>
  </datafield>
  <datafield tag="040" ind1=" " ind2=" ">
    <subfield code="c">BPK</subfield>
  </datafield>
  <datafield tag="041" ind1=" " ind2=" ">
    <subfield code="a">pol</subfield>
  </datafield>
  <datafield tag="080" ind1=" " ind2=" ">
    <subfield code="a">342.951:351.72:336.41+336.74](438)(075.8)</subfield>
  </datafield>
  <datafield tag="942" ind1=" " ind2=" ">
    <subfield code="c">KS</subfield>
  </datafield>
  <controlfield tag="008">      s        pl     f     |000 0 pol  </controlfield>
  <datafield tag="999" ind1=" " ind2=" ">
    <subfield code="c">4559</subfield>
    <subfield code="d">4559</subfield>
  </datafield>
  <datafield tag="856" ind1=" " ind2=" ">
    <subfield code="u">http://koha.tu.koszalin.pl/cgi-bin/koha/opac-detail.pl?biblionumber=4559</subfield>
    <subfield code="y">Katalog online BPK</subfield>
  </datafield>
  <datafield tag="952" ind1=" " ind2=" ">
    <subfield code="0">0</subfield>
    <subfield code="1">0</subfield>
    <subfield code="4">0</subfield>
    <subfield code="7">0</subfield>
    <subfield code="a">BPK</subfield>
    <subfield code="b">BPK</subfield>
    <subfield code="c">w</subfield>
    <subfield code="o">P 41434</subfield>
    <subfield code="p">01217681</subfield>
    <subfield code="y">KS</subfield>
  </datafield>
</record>
